Urban : rural exchange.

East-End London meets country Cornwall in this fascinating story of what happens when two groups of children from very different backgrounds get together. Students and teachers from the Tom Hood School in Leytonstone, east London, travel to the Sir James Smith's School in Cornwall on the second...

Full description

Bibliographic Details
Corporate Author: Brook Lapping Productions (Producer)
Format: Video
Language:English
Language Notes:This edition in English.
Published: [London] : Teachers TV/UK Dept. of Education, 2008.
Series:VAST: Academic Video Online
Inspirations ; 3
Subjects:
Online Access:Connect to this streaming video (Alexander Street Press)

MARC

Tag First Indicator Second Indicator Subfields
LEADER 00000cgm a2200000Ma 4500
001 in00005548639
006 m o c
007 vz |zazu|
008 120229s2008 enk015 o vleng d
005 20241201230409.7
035 |a (OCoLC)ocn829688170 
040 |a ALSTP  |b eng  |e pn  |c ALSTP  |d OCLCO  |d OCLCQ  |d OCLCF  |d OCLCQ  |d OCLCO  |d VZF  |d OCLCQ  |d OCLCO  |d OCLCQ  |d EZ9  |d MNI  |d INT  |d OCLCQ  |d WYU  |d OCLCQ  |d OCLCO  |d OCLCL 
019 |a 1112287649  |a 1269044691  |a 1430867692  |a 1443971325 
035 |a (OCoLC)829688170  |z (OCoLC)1112287649  |z (OCoLC)1269044691  |z (OCoLC)1430867692  |z (OCoLC)1443971325 
043 |a e-uk--- 
050 4 |a PN1200eb 
049 |a TXAM 
245 0 0 |a Urban :  |b rural exchange. 
260 |a [London] :  |b Teachers TV/UK Dept. of Education,  |c 2008. 
300 |a 1 online resource (15 min.). 
336 |a two-dimensional moving image  |b tdi  |2 rdacontent 
337 |a computer  |b c  |2 rdamedia 
338 |a online resource  |b cr  |2 rdacarrier 
347 |a video file  |2 rda 
490 0 |a VAST: Academic Video Online 
490 0 |a Inspirations ;  |v 3 
500 |a Title from resource description page (viewed Mar. 5, 2012). 
520 |a East-End London meets country Cornwall in this fascinating story of what happens when two groups of children from very different backgrounds get together. Students and teachers from the Tom Hood School in Leytonstone, east London, travel to the Sir James Smith's School in Cornwall on the second leg of their rural-urban school exchange. We hear about the Cornish students' visit to London, about the e-mails and video diaries the two groups of students have exchanged, and the expectations the London students have for their trip to Cornwall. We watch the groups being reunited and follow the London students as they are taken round the Cornish school, discussing the differences between it and their own. Over the course of the trip they go to a farm, paddle in the sea and explore the sites of Bude, constantly comparing this environment to their own back in London. We watch as the students' understanding of one another, and their friendships, deepen. And we hear from teachers. 
546 |a This edition in English. 
650 0 |a Multicultural education  |z Great Britain. 
650 0 |a Cultural pluralism. 
650 0 |a Education, Rural  |z Great Britain. 
650 0 |a Education, Urban  |z Great Britain. 
650 6 |a Éducation interculturelle  |z Grande-Bretagne. 
650 6 |a Diversité culturelle. 
650 6 |a Enseignement en milieu rural  |z Grande-Bretagne. 
650 6 |a Enseignement en milieu urbain  |z Grande-Bretagne. 
650 7 |a Cultural pluralism.  |2 fast  |0 (OCoLC)fst01715991 
650 7 |a Education, Rural.  |2 fast  |0 (OCoLC)fst00903233 
650 7 |a Education, Urban.  |2 fast  |0 (OCoLC)fst00903310 
650 7 |a Multicultural education.  |2 fast  |0 (OCoLC)fst01028816 
651 7 |a Great Britain.  |2 fast  |0 (OCoLC)fst01204623  |1 https://id.oclc.org/worldcat/entity/E39PBJdmp7p3cx8hpmJ8HvmTpP 
655 4 |a Alexander Street Video. 
655 7 |a Documentary television programs.  |2 fast  |0 (OCoLC)fst01710387 
655 7 |a Documentary television programs.  |2 lcgft 
655 7 |a Documentaires télévisés.  |2 rvmgf 
710 2 |a Brook Lapping Productions.  |4 pro 
776 0 8 |i Print version:  |t Urban.  |d [London] : Teachers TV/UK Dept. of Education, 2008 publisher catalog number  |o C/3037/003 
856 4 0 |u http://proxy.library.tamu.edu/login?url=https://www.aspresolver.com/aspresolver.asp?AVN2;1783796  |z Connect to this streaming video (Alexander Street Press)  |t 0 
955 |a Alexander Street Press subscription streaming video 
994 |a 92  |b TXA 
999 f f |s 1a933506-491d-4333-a1b8-886538d73cb0  |i 370d3f9b-5743-4abc-898b-664d253d513f  |t 0 
952 f f |a Texas A&M University  |b College Station  |c Electronic Resources  |d Available Online  |t 0  |e PN1200eb   |h Library of Congress classification 
998 f f |a PN1200eb   |t 0  |l Available Online